L'essentiel du droit international public et du droit des relations internationales / (Record no. 59215)

MARC details
000 -LEADER
campo de control de longitud fija 00614nam a2200205 4500
001 - NÚMERO DE CONTROL
campo de control 10716
005 - FECHA Y HORA DE LA ÚLTIMA TRANSACCIÓN
campo de control 20230410121149.0
008 - DATOS DE LONGITUD FIJA--INFORMACIÓN GENERAL
campo de control de longitud fija 060907n1999 dr spa
020 ## - NÚMERO INTERNACIONAL ESTÁNDAR DEL LIBRO
Número Internacional Estándar del Libro 284200194X
035 ## - NÚMERO DE CONTROL DEL SISTEMA
-- funglode10800
041 ## - CÓDIGO DE IDIOMA
Código de lengua del texto/banda sonora o título independiente FR
050 14 - SIGNATURA TOPOGRÁFICA DE LA BIBLIOTECA DEL CONGRESO
Número de clasificación JX 3375 R673e 1999
100 ## - ENTRADA PRINCIPAL--NOMBRE DE PERSONA
Nombre de persona Roche, Catherine
245 1# - MENCIÓN DEL TÍTULO
Título L'essentiel du droit international public et du droit des relations internationales /
Mención de responsabilidad, etc. Catherine Roche, Aurélia Potot-Nicol
260 ## - PUBLICACIÓN, DISTRIBUCIÓN, ETC.
Lugar de publicación, distribución, etc. Paris :
Nombre del editor, distribuidor, etc. Gualino éditeur,
Fecha de publicación, distribución, etc. 1999
300 ## - DESCRIPCIÓN FÍSICA
Extensión 102 p.
440 ## - MENCIÓN DE SERIE/PUNTO DE ACCESO ADICIONAL--TÍTULO
Título Les carrés ;
Designación de volumen o secuencia 18
700 ## - ENTRADA AGREGADA--NOMBRE PERSONAL
Nombre de persona Potot-Nicol, Aurélia
942 ## - ELEMENTOS DE ENTRADA SECUNDARIOS (KOHA)
Fuente del sistema de clasificación o colocación Clasificación de Library of Congress
Tipo de ítem Koha
Holdings
Estatus retirado Estado de pérdida Fuente del sistema de clasificación o colocación Estado de daño No para préstamo Colección Biblioteca de origen Biblioteca actual Ubicación en estantería Fecha de adquisición Serial enumeration / chronology Signatura topográfica completa Código de barras Visto por última vez Tipo de ítem Koha
    Clasificación de Library of Congress     Ciencias Sociales Biblioteca Juan Bosch Biblioteca Juan Bosch Ciencias Sociales (3er. Piso) 24/10/2018 1 JX 3375 R673e 1999 00000018341 24/10/2018